000 00675nam a2200193 i 4500
001 185294
003 ES-MaACL
005 20250626063221.0
008 160510s1905 mx |||| | spa d
100 1 _aLeón, Nicolás,
_d1859-1929
_971588
245 1 4 _aLos popolocas /
_cN. León.
260 _aMéxico :
_b[s.n.],
_c1905 (
_fImp. del Museo Nacional)
300 _a36 p. ;
_c23 cm.
490 1 _aConferencias del Museo Nacional. Sección de etnología ;
_v1
600 1 4 _aPopolocas (Indios)-
_xHistoria.
_9226206
830 0 _aConferencias del Museo Nacional. Sección de etnología ;
_v1
_9225187
852 _aES-MaACL
_j1591-F-1
999 _c185294
_d185294